Normal view
MARC view
- Saldivia Menajovsky, Laura
Entry Nombre Personal
001 - NUMERO DE CONTROL
- campo de control: 38590
003 - IDENTIFICADOR DE NUMERO DE CONTROL
- campo de control: UPN
005 - FECHA Y HORA DE LA ÜLTIMA TRANSACCIÓN
- campo de control: 20210219194537.0
008 - DATOS DE LONGITUD FIJA
- campo de control de longitud fija: nabaccnnaabn|||||||||| b |nc|||||d
035 ## - NUMERO DE CONTROL
- Número de control: UPN11000010697
040 ## - FUENTE DE CATALOGACIÓN
- Lenguaje de catalogación: SPA
- Agencia de transcripción: UPN
100 1# - ENCABEZAMIENTO - NOMBRE PERSONAL
- Nombre personal: Saldivia Menajovsky, Laura
670 ## - FUENTE EN LA QUE SE LOCALIZARON DATOS
- Cita de la fuente: T
- Uniform Resource Identifier: https://derecho.uniandes.edu.co/en/facultad/eventos/icalrepeat.detail/2014/02/07/437/0/conferencias-con-laura-saldivia-menajovsky
680 ## - NOTA PUBLICA DE ACCESO PÚBLICO
- Frase explicativa de la referencia: Maestra en Derecho argentina
902 ## - CATALOGADOR
- Catalogador: MMA/010616
